UEFA Champions league teams since 2010/11 - Statistics

General Stats
  • This quiz has been taken 48 times
    34 since last reset
  • The average score is 68 of 105
Answer Stats
How many times Country Answer % Correct
14 Germany Bayern
100%
14 Spain Barcelona
97%
11 Germany Borussia Dortmund
97%
6 France Olympique Lyon
97%
12 France PSG
97%
14 Spain Real Madrid
97%
10 Netherlands Ajax
93%
8 England Arsenal
93%
13 Portugal Benfica
93%
11 England Chelsea
93%
5 Denmark Copenhavn
93%
11 Italy Juventus
93%
13 England Manchester City
93%
10 England Manchester United
93%
12 Spain Atletico Madrid
90%
4 Ukraine Dynamo Kyiv
90%
8 Italy Inter Milan
90%
7 England Liverpool
90%
7 Italy Milan
90%
8 Italy Napoli
90%
12 Portugal Porto
90%
6 England Tottenham
90%
7 Scotland Celtic
87%
7 Turkey Galatasaray
87%
6 Germany Leipzig
87%
4 France Monaco
87%
4 Belgium Anderlecht
80%
2 Netherlands Feyenoord
80%
5 France Marseille
80%
4 Netherlands PSV
80%
2 Scotland Rangers
80%
5 Italy Roma
80%
5 Germany Schalke
80%
2 Switzerland Young Boys
80%
8 Russia Zenit
80%
12 Ukraine Shakhtar
77%
5 Portugal Sporting
77%
3 Portugal Sporting Braga
77%
1 England Leicester City
73%
8 Germany Leverkusen
73%
4 France Lille
73%
3 Sweden Malmo
73%
2 Spain Real Sociedad
73%
6 Austria Salzburg
73%
7 Spain Sevilla
73%
6 Spain Valencia
73%
1 Greece AEK
70%
3 Italy Atalanta
70%
6 Switzerland Basel
70%
7 Russia CSKA Moscow
70%
6 Croatia Dinamo Zagreb
70%
3 Turkey Besiktas
67%
2 Italy Lazio
67%
1 Germany Union Berlin
67%
2 Germany Wolfsburg
67%
3 Cyprus APOEL
63%
7 Belgium Club Brugge
63%
1 England Newcastle
63%
3 Germany Borussia Monchengladbach
60%
8 Greece Olympiakos
60%
3 Russia Spartak Moscow
60%
2 Spain Villareal
60%
1 Kazakhstan Astana
57%
1 France Lens
57%
3 Russia Lokomotiv
57%
1 Greece Panathinaikos
57%
1 Belgium Royal Antwerp
57%
1 Moldova Sheriff Tiraspol
57%
1 Czechia Slavia Praha
57%
1 Germany Werder Bremen
57%
2 Belgium Genk
53%
1 Poland Legia Warsaw
53%
1 Israel Maccabi Haifa
53%
1 Israel Maccabi Tel Aviv
53%
1 Azerbaijan Qarabag
53%
2 Romania Cluj
50%
2 Bulgaria Ludogorets
50%
1 France Montpellier
50%
1 Serbia Partizan
50%
4 Belarus BATE
47%
1 Spain Malaga
47%
1 Turkey Trabzonspor
47%
1 France Rennes
43%
4 Czechia Viktoria Plzen
43%
1 Spain Athletic Bilbao
40%
1 Hungary Ferencvaros
40%
1 Belgium Gent
40%
1 Germany Hoffenheim
40%
1 Russia Rubin Kazan
40%
1 Russia Krasnodar
37%
2 Slovenia Maribor
37%
1 Netherlands Twente
37%
1 Austria Austria Wien
33%
1 Germany Eintracht Frankfurt
33%
1 Israel Hapoel Tel Aviv
33%
1 Denmark Midtjylland
33%
1 Turkey Basaksehir
27%
1 Turkey Bursaspor
27%
1 Romania FCSB
27%
1 Denmark Nordsjaelland
27%
1 Slovakia Zilina
27%
3 Serbia Crvena Zvezda
23%
1 Russia Rostov
23%
1 France Auxerre
20%
1 Romania Otelul
13%
No matching quizzes found
Score Distribution
Percent of People with Each Score
Percentile by Number Answered
Your Score History
You have not taken this quiz since the last reset